[Event "Let's Play Chess!"]
[Site "http://www.queenalice.com/game.php?id=1421226"]
[Date "2016.5.5"]
[Round "-"]
[White "igorjava"]
[Black "birya"]
[Result "1-0"]
[WhiteElo "1881"]
[BlackElo "1349"]

1. e4 c5 2. Nf3 e6 3. d4 cxd4 4. Nxd4 Nc6 5. Nc3 a6 6. a3 Qc7 7. Be2 Nf6 8. Bg5
Be7 9. O-O d6 10. Nxc6 bxc6 11. b4 O-O 12. Kh1 h6 13. Bh4 d5 14. Bg3 1-0

[Event "Captain Evans"]
[Site "http://www.queenalice.com/game.php?id=1421247"]
[Date "2016.5.4"]
[Round "-"]
[White "christine91"]
[Black "birya"]
[Result "0-1"]
[WhiteElo "1931"]
[BlackElo "1500"]

1. d4 Nf6 2. Nc3 d5 3. Nf3 Bf5 4. e3 e6 5. Bd3 Bg6 6. O-O Be7 7. Ne5 O-O 8. f4
c5 9. Bxg6 hxg6 10. Bd2 Nc6 11. Be1 Rc8 12. Bh4 cxd4 13. exd4 Nxd4 14. Bf2 Nc6
15. a3 Nxe5 16. fxe5 Nd7 17. Bg3 a6 18. Rc1 Bh4 19. Qf3 Bxg3 20. Qxg3 Qb6+ 21.
Kh1 Qxb2 22. Rb1 Qxc3 23. Rxb7 Qxg3 0-1

[Event "AUTO-OPEN-3647"]
[Site "http://www.queenalice.com/game.php?id=1421332"]
[Date "2016.5.4"]
[Round "1"]
[White "ravenga"]
[Black "birya"]
[Result "0-1"]
[WhiteElo "2106"]
[BlackElo "1500"]

1. e4 c5 2. Nf3 e6 3. d4 cxd4 4. Nxd4 Nc6 5. Nc3 a6 6. Be3 Qc7 7. Qd2 Nf6 8. f3
Be7 9. O-O-O O-O 10. g4 d6 11. h4 b5 12. h5 Bb7 13. g5 Nd7 14. g6 Nxd4 15. h6
fxg6 16. Bxd4 e5 17. Bh3 exd4 18. Be6+ Rf7 19. hxg7 dxc3 20. Qh6 Nf6 21. e5
cxb2+ 22. Kb1 dxe5 23. Rd7 Qxd7 24. Bxd7 Rxg7 25. Be6+ Kh8 26. Qe3 Rd8 27. Qxe5
Bxf3 28. Rf1 Ne4 29. Rxf3 Nd2+ 30. Kxb2 Nxf3 31. Qe3 Bf6+ 32. c3 Ne5 33. Qb6 Rf8
34. Qxa6 Re7 35. Bb3 Bg7 36. Qxb5 Rc7 0-1

[Event "AUTO-OPEN-3647"]
[Site "http://www.queenalice.com/game.php?id=1421333"]
[Date "2016.5.4"]
[Round "1"]
[White "birya"]
[Black "ravenga"]
[Result "1/2-1/2"]
[WhiteElo "1500"]
[BlackElo "2106"]

1. d4 Nf6 2. c4 g6 3. Nc3 d5 4. cxd5 Nxd5 5. e4 Nxc3 6. bxc3 Bg7 7. Bc4 c5 8.
Ne2 Nc6 9. Be3 Qa5 10. O-O O-O 11. f4 Bg4 12. d5 Rad8 13. Qb3 Nb8 14. Rac1 b6
15. h3 Bxe2 16. Bxe2 Nd7 17. c4 e6 18. Bf3 exd5 19. cxd5 Bd4 20. Bxd4 cxd4 21.
Qc4 Qd2 22. Rfd1 Qxf4 23. Qxd4 Nc5 24. e5 Qxd4+ 25. Rxd4 Rfe8 26. Re1 f6 27. e6
Nxe6 28. Ra4 Ng5 29. Rxe8+ Rxe8 30. Rxa7 Nxf3+ 31. gxf3 Rd8 32. Ra6 Rxd5 33.
Rxb6 Rd1+ 34. Kg2 Rd2+ 35. Kg3 Rxa2 36. Rxf6 Kg7 37. Rb6 1/2-1/2

[Event "AUTO-OPEN-3647"]
[Site "http://www.queenalice.com/game.php?id=1421346"]
[Date "2016.5.4"]
[Round "1"]
[White "birya"]
[Black "fomalhaut"]
[Result "0-1"]
[WhiteElo "1374"]
[BlackElo "1520"]

1. d4 d5 2. c4 c6 3. Nf3 Nf6 4. Nc3 e6 5. e3 Bb4 6. Bd3 O-O 7. O-O Nbd7 8. a3
Bxc3 9. bxc3 b6 10. a4 a5 11. Ba3 c5 12. h3 Ne4 13. Qc2 Ndf6 0-1

[Event "AUTO-OPEN-3647"]
[Site "http://www.queenalice.com/game.php?id=1421347"]
[Date "2016.5.4"]
[Round "1"]
[White "fomalhaut"]
[Black "birya"]
[Result "1-0"]
[WhiteElo "1530"]
[BlackElo "1361"]

1. e4 c5 2. c3 Nf6 3. e5 Nd5 4. Bc4 e6 5. d4 cxd4 6. cxd4 Nc6 7. Nf3 d6 8. O-O
Be7 9. Nc3 Nxc3 10. bxc3 dxe5 11. Nxe5 Nxe5 12. dxe5 O-O 13. Qg4 Kh8 14. Be3 1-0

[Event "Let's Play Chess!"]
[Site "http://www.queenalice.com/game.php?id=1421454"]
[Date "2016.5.5"]
[Round "-"]
[White "carlosufpe"]
[Black "birya"]
[Result "1-0"]
[WhiteElo "1611"]
[BlackElo "1384"]

1. d4 Nf6 2. e3 d5 3. c4 e6 4. cxd5 exd5 5. Nf3 c6 6. Be2 Bf5 7. Bd3 Bxd3 8.
Qxd3 Bd6 9. b3 O-O 10. O-O Nbd7 11. Ba3 Bxa3 12. Nxa3 Qe7 13. Nc2 Rfe8 14. Nce1
Ne4 15. Nd2 h6 16. Nxe4 Qxe4 17. Qxe4 Rxe4 18. Nf3 Rae8 19. Nd2 R4e7 20. Nf3 Nf6
21. b4 a6 22. a4 Ne4 23. Rfc1 f6 24. Rab1 g5 25. b5 axb5 26. axb5 Re6 27. bxc6
1-0

[Event "Let's Play Chess!"]
[Site "http://www.queenalice.com/game.php?id=1421455"]
[Date "2016.5.5"]
[Round "-"]
[White "birya"]
[Black "carlosufpe"]
[Result "0-1"]
[WhiteElo "1395"]
[BlackElo "1603"]

1. d4 Nf6 2. c4 d6 3. Nf3 e6 4. g3 Be7 5. Bg2 O-O 6. O-O c6 7. Nc3 d5 8. b3 dxc4
9. bxc4 Qa5 10. Bb2 c5 11. d5 exd5 12. Nxd5 Qd8 13. Qc2 Nxd5 14. cxd5 Bd6 15. e4
Nd7 16. e5 Bc7 17. Rfd1 Qe8 18. d6 Bb6 19. Re1 Qe6 20. h4 Bd8 21. Rad1 Rb8 22.
a4 Ba5 23. Ng5 Qh6 24. Bc3 Bxc3 25. Qxc3 b6 26. Be4 g6 0-1

[Event "AUTO-OPEN-3648"]
[Site "http://www.queenalice.com/game.php?id=1421724"]
[Date "2016.5.6"]
[Round "1"]
[White "serrameira"]
[Black "birya"]
[Result "1-0"]
[WhiteElo "1868"]
[BlackElo "1395"]

1. e4 c5 2. Nf3 e6 3. d4 cxd4 4. Nxd4 Nc6 5. Nc3 a6 6. Bd3 Nxd4 7. Bxa6 Nxc2+ 8.
Qxc2 bxa6 9. O-O Bb7 10. Re1 d6 11. Bf4 e5 12. Bd2 Nf6 13. Bg5 Be7 14. Qa4+ 1-0

[Event "AUTO-OPEN-3648"]
[Site "http://www.queenalice.com/game.php?id=1421725"]
[Date "2016.5.6"]
[Round "1"]
[White "birya"]
[Black "serrameira"]
[Result "0-1"]
[WhiteElo "1395"]
[BlackElo "1870"]

1. d4 d5 2. c4 e6 3. Nf3 Nf6 4. g3 Nbd7 5. Qc2 c6 6. Bg2 Bd6 7. Nbd2 O-O 8. O-O
b6 9. e4 dxe4 10. Nxe4 Qc7 11. Nxd6 Qxd6 12. Bf4 Qe7 13. Ne5 Nxe5 0-1

[Event "AUTO-OPEN-3648"]
[Site "http://www.queenalice.com/game.php?id=1421756"]
[Date "2016.5.6"]
[Round "1"]
[White "birya"]
[Black "avian"]
[Result "0-1"]
[WhiteElo "1395"]
[BlackElo "1798"]

1. d4 Nf6 2. Nf3 e6 3. g3 d5 4. Bg2 c5 5. O-O Nc6 6. c4 Be7 7. cxd5 Nxd5 8. Nc3
Nxc3 9. bxc3 O-O 10. Bf4 Bd6 11. Bxd6 Qxd6 0-1

[Event "AUTO-OPEN-3648"]
[Site "http://www.queenalice.com/game.php?id=1421757"]
[Date "2016.5.6"]
[Round "1"]
[White "avian"]
[Black "birya"]
[Result "1-0"]
[WhiteElo "1796"]
[BlackElo "1395"]

1. d4 Nf6 2. c4 g6 3. Nc3 Bg7 4. Nf3 O-O 5. e4 d6 6. Be2 e5 7. d5 a5 8. Bg5 Na6
9. O-O Qe8 10. a3 Nd7 11. Re1 f6 12. Bd2 1-0

[Event "AUTO-INT-3136"]
[Site "http://www.queenalice.com/game.php?id=1421853"]
[Date "2016.5.7"]
[Round "1"]
[White "daniel0176"]
[Black "birya"]
[Result "1-0"]
[WhiteElo "1665"]
[BlackElo "1451"]

1. e4 c5 2. c4 Nc6 3. Nc3 e6 4. Nf3 Nf6 5. h3 d5 6. e5 Nd7 7. cxd5 exd5 8. Nxd5
Ndxe5 9. Qe2 Qxd5 10. a3 Be7 11. Nxe5 Qxe5 12. Qxe5 Nxe5 13. Be2 O-O 14. O-O Bf5
15. b4 cxb4 16. d4 Ng6 17. axb4 1-0

[Event "AUTO-INT-3136"]
[Site "http://www.queenalice.com/game.php?id=1421854"]
[Date "2016.5.7"]
[Round "1"]
[White "birya"]
[Black "daniel0176"]
[Result "0-1"]
[WhiteElo "1483"]
[BlackElo "1656"]

1. d4 d5 2. c4 dxc4 3. Nf3 b5 4. e3 Nf6 5. a4 Ba6 6. axb5 Bxb5 7. b3 Qd5 8. Nc3
Qc6 9. Nxb5 e6 10. bxc4 a6 11. Nc3 Bb4 12. Bd2 O-O 13. Be2 Bxc3 14. Bxc3 h6 15.
O-O Ne4 16. Qc2 Nxc3 0-1

[Event "AUTO-INT-3136"]
[Site "http://www.queenalice.com/game.php?id=1421881"]
[Date "2016.5.7"]
[Round "1"]
[White "birya"]
[Black "APSHOOTER"]
[Result "0-1"]
[WhiteElo "1490"]
[BlackElo "1850"]

1. d4 g6 2. Nf3 Bg7 3. c4 b6 4. Nc3 Bb7 5. e4 Nc6 6. Be3 Nf6 7. Be2 d6 8. O-O
Qd7 9. d5 Ne5 10. Nxe5 dxe5 11. f4 exf4 12. Bxf4 a6 13. e5 Ng8 14. Bg4 e6 15.
dxe6 Qxd1 16. exf7+ Kxf7 17. Raxd1 Bc6 18. Bh6+ Nf6 19. Bxg7 Kxg7 0-1

[Event "AUTO-INT-3136"]
[Site "http://www.queenalice.com/game.php?id=1421882"]
[Date "2016.5.7"]
[Round "1"]
[White "APSHOOTER"]
[Black "birya"]
[Result "1-0"]
[WhiteElo "1848"]
[BlackElo "1500"]

1. e4 c5 2. Bc4 e6 3. Nc3 Nc6 4. a3 Nf6 5. h3 d5 6. exd5 exd5 7. Qe2+ Be7 8. Bb5
O-O 9. Nf3 a6 10. Bxc6 bxc6 11. d4 Re8 12. O-O h6 13. Be3 cxd4 14. Nxd4 c5 15.
Nxd5 Nxd5 16. Nc6 Qc7 17. Nxe7+ Qxe7 18. Rfe1 Nxe3 19. fxe3 Bb7 20. Rad1 1-0